03847nam a22003377a 45000010005000000030006000050050017000110080041000280200018000690400029000870500008001160820008001241000020001322450254001522600043004063000050004494900041004995050008005405201463005485200813020115210029028245210020028536500088028736500051029617000028030129420016030409990015030569520146030719520146032179520146033638999FISKH20251113114140.0251113b cb ||||| |||| 00| 0 eng d a9789995084882 aFISKHbkhrcFISKHdFISKH aPZ7 a823 aKeonimol, Kong  aនាងពៅសក់ក្រអូប : bFragrant-Haired Neang Pov / cនិពន្ធដោយ លោក គង់ កែវនិមល , កែសម្រួលដោយ អ្នកស្រី គឹមស៊ុន សុធារី  aPhnom Penh : bReading Books , c2007. a28 pages : bcolor illustrations ; c25 cm .  aពិភពរឿងនិទាន aR  aនាងពៅមានរូបសម្ផស្សស្អាត ថែមទាំងមានសក់ក្រអូបទៀតផង ។ ប្តីរបស់នាងជាអ្នកជំនួញ ។​ ក្រោយមកមានចោរមកចាប់នាងហើយចោរបានសម្លាប់ប្តីនាង ។ ដោយប្រាជ្ញាឈ្លាសវៃរបស់នាង នាងក៏សម្លាប់ចោរហើយជួយប្តីនាងអោយរស់រានមានជីវិតវិញ ។ តែអកុសលនាងបានចាញ់កលទេវតាដែលខ្លែងខ្លួនជាសង្ឃ ។ នាងក៏សម្រេចចិត្តតែងខ្លួនជាប្រុសដើម្បីស្វែងរកប្តី ។ នាងបានសង្គ្រោះជីវិតកូនស្រីសេដ្ឋីដែលស្លាប់ដោយសារពស់ចឹក​៕​ សេដ្ឋីក៏អោយនាងរៀបការជាមួយកូនស្រីគាត់ ។ ក្រោយមកនាងក៏បានរកឃើញប្តីនាង ហើយក៏ប្រាប់ការពិតទាំងអស់ទៅកូនសេដ្ឋី ។ ហើយពួកគេក៏រស់នៅជាមួយគ្នា​យ៉ាងសុខសាន្ត ។ aPov was a beautiful woman with fragrant, silky hair. Her husband was a merchant. One day, a group of bandits came and kidnapped her, killing her husband. But thanks to her cleverness and bravery, Pov managed to kill the bandits and save her husband’s life. Unfortunately, she was later deceived by a spirit disguised as a monk. Saddened and determined, Pov decided to disguise herself as a man in order to search for her husband. During her journey, she saved the life of a rich man’s daughter who had died from a snake bite. Grateful, the rich man offered his daughter’s hand in marriage to Pov, not knowing that Pov was actually a woman. Later on, Pov finally found her husband and revealed the whole truth to the rich man’s daughter. In the end, they all lived together happily and peacefully.8 a680 bLexile estimate 8 aR bRaz-Plus  aនាងពៅសក់ក្រអូបvរឿងនិទានកុមារ aFragrant-Haired Neang PovvChildren's Stories  aSan, ThaieIllustrator  2ddccKHBn0 c8999d8999 00102ddc40708Khmer-English Bilingual a002b002cTTP Khmerd2025-11-13l0oKEO PZ7 823pFIS04190r2025-11-13 11:41:01t1w2025-11-13yKHB 00102ddc40708Khmer-English Bilingual a002b002cTTP Khmerd2025-11-13l0oKEO PZ7 823pFIS04041r2025-11-13 11:41:19t2w2025-11-13yKHB 00102ddc40708Khmer-English Bilingual a002b002cTTP Khmerd2025-11-13l0oKEO PZ7 823pFIS04195r2025-11-13 11:41:36t3w2025-11-13yKHB